000
00316nam a22001457a 4500
008
230330b ||||| |||| 00| 0 eng d
020
_a
9780838488010
041
_a
eng
080
_a
37
082
_a
37CLO
100
_a
22
101
_a
EDUKIM
245
_a
DUAL LANGUAGE INSTRUCTION
_c
CLOUD.N
942
_2
udc
_c
BK
999
_c
59482
_d
59482